Psychosomatické poruchy ako zdroj úrazov v pracovnom procese
Základné psychosomatické syndrómy vo vzťahu k BOZP.
Enregistré dans:
| Auteur principal: | |
|---|---|
| Format: | Chapitre de livre |
| Langue: | slovaque |
| Sujets: | |
| Tags: |
Pas de tags, Soyez le premier à ajouter un tag!
|
MARC
| LEADER | 00000naa$a2200000$$$4500 | ||
|---|---|---|---|
| 001 | 0241497 | ||
| 005 | 20240502073931.2 | ||
| 041 | 0 | |a slo | |
| 044 | |a SK | ||
| 245 | 1 | 0 | |a Psychosomatické poruchy ako zdroj úrazov v pracovnom procese |c Miroslava Szarková |
| 520 | |a Základné psychosomatické syndrómy vo vzťahu k BOZP. | ||
| 610 | 2 | 0 | |a psychológia práce |
| 610 | 2 | 0 | |a bezpečnosť práce |
| 610 | 2 | 0 | |a ochrana zdravia |
| 610 | 2 | 0 | |a úrazy pracovné |
| 610 | 2 | 0 | |a práca |
| 610 | 2 | 0 | |a prostredie pracovné |
| 610 | 2 | 0 | |a syndróm vyhorenia |
| 100 | 1 | |a Szarková, Miroslava, 1951- | |